000 00273nam a2200121 i 4500
001 bg
245 0 _aPole i moment silników asynchronicznych.
260 _aWrocław,
_c1976.
040 _cBPK
041 _apol
942 _cKS
008 s pl f |000 0 pol
999 _c16935
_d16935
856 _uhttp://koha.tu.koszalin.pl/cgi-bin/koha/opac-detail.pl?biblionumber=16935
_yKatalog online BPK